| Поле | Инд. | ПП | Название | Значение |
|---|---|---|---|---|
| Тип записи | a | |||
| Библиографический уровень | b | |||
| 001 | Контрольный номер | RU/IS/BASE/126706166 | ||
| 005 | Дата корректировки | 20200526074528.5 | ||
| 084 | a | Индекс другой классификации/Индекс ББК | 60.51(7США)6 | |
| a | Индекс другой классификации/Индекс ББК | 60.561.51 | ||
| 100 | 1_ | a | Автор | Антонов А. И. |
| 245 | a | Заглавие | Новая альтернативная школа в американской социологии | |
| 504 | a | Библиография | Библиогр. ссылки | |
| 600 | a | Персоналии | Бергер Бриджит | |
| a | Персоналии | Карлсон Аллан | ||
| a | Персоналии | Попеное Дэвид | ||
| a | Персоналии | Сорокин Питирим Александрович | ||
| a | Персоналии | Циммерман Карл | ||
| 650 | a | Основная рубрика | история социологии | |
| a | Основная рубрика | социология | ||
| a | Основная рубрика | социология семьи | ||
| 653 | a | Ключевые слова | "Семья и цивилизация" | |
| a | Ключевые слова | XX век | ||
| a | Ключевые слова | атомистическая семья | ||
| a | Ключевые слова | попечительская семья | ||
| a | Ключевые слова | семья | ||
| a | Ключевые слова | социологические школы | ||
| a | Ключевые слова | США | ||
| a | Ключевые слова | теория естественной семьи | ||
| a | Ключевые слова | типология семьи | ||
| 773 | t | Заглавие источника | Вестник Московского университета. Серия 18, Социология и политология | |
| d | Дата издания источника | 2003 | ||
| g | Прочая информация | № 3. - С. 75 - 82 | ||
| w | Контрольный № источника | RU/IS/BASE/121270811 | ||
| 901 | t | Тип документа | b |